| 000 | 003230000a22000970004500 | ||
|---|---|---|---|
| 100 | 1 | _aWhitekettle, Richard | |
| 245 | 1 | 0 | _aLevitical thought and the female reproductive cycle : Wombs, wellsprings, and the primeval world |
| 300 | _aVol. 46, Num. 3 (Julio, 1996), Páginas 376-391 | ||
| 773 | 0 | _tVetus Testamentum | |
| 942 | _cANA | ||
| 999 |
_c58044 _d58044 |
||